| 000 | 00425nam a2200157 i 4500 | ||
|---|---|---|---|
| 001 | bg | ||
| 100 | 1 | _aBALA, Władysław | |
| 245 | 0 |
_aMaszynoznawstwo i maszyny melioracyjne / _cWładysław Bala, Władysław Pichór. |
|
| 260 |
_aWarszawa, _c1980. |
||
| 700 | 1 | _aPICHÓR, Władysław | |
| 040 | _cBPK | ||
| 041 | _apol | ||
| 080 | _a631.6:626.8:631.3](075.8) | ||
| 942 | _cKS | ||
| 008 | s pl f |000 0 pol | ||
| 999 |
_c19691 _d19691 |
||
| 856 |
_uhttp://koha.tu.koszalin.pl/cgi-bin/koha/opac-detail.pl?biblionumber=19691 _yKatalog online BPK |
||